El Proceso de paz en Guatemala: logros y desafíos

Uloženo v:
Podrobná bibliografie
Médium: Neznámo
Vydáno: Washington D.C.: Woodrow Wilson International Center for Scholars. The Latin American Program
Témata:
Tagy: Přidat tag
Žádné tagy, Buďte první, kdo vytvoří štítek k tomuto záznamu!

MARC

LEADER 00000 a2200000 04500
001 19045
003
008 991231s d
040 |a CRAI/IIS  |c CRAI/IIS 
090 |a 145002  
245 |a El Proceso de paz en Guatemala: logros y desafíos  
260 |a Washington D.C.:   |b Woodrow Wilson International Center for Scholars. The Latin American Program  
300 |a vi, 89 p.  
650 |a MILITARISMO  
650 |a PAZ  
650 |a MANTENIMIENTO DE LA PAZ  
650 |a CONFLICTOS POLITICOS  
999 |c 14105  |d 14105